Science Studies

محفوظ في:

التنسيق: دورية

اللغة: Undetermined

منشور في: JSTOR
Sage Publications, Inc.

الموضوعات:

الوصول للمادة أونلاين: Login to view Source

الوسوم: إضافة وسم

لا توجد وسوم, كن أول من يضع وسما على هذه التسجيلة!

رقم الطلب:

LEADER 00573nas a2200181Ia 4500
008 220214c99999999xx |||||||||||| ||und||
022 |a 0036-8539 
245 0 0 |a Science Studies 
264 1 |b JSTOR 
264 1 |b Sage Publications, Inc. 
362 0 |a Vol. 1(1971)-4 (1974) 
653 1 0 |a History of Science & Technology 
653 1 0 |a Science & Mathematics 
653 1 0 |a Science & Technology Studies 
856 4 0 |u https://www.jstor.org/journal/sciencestudies 
942 |c JL 
952 |0 0  |1 0  |4 0  |7 1  |9 37152  |a JSR  |b JSR  |d 2022-02-14  |l 0  |r 2022-02-14 00:00:00  |w 2022-02-14  |y JL 
999 |c 45483  |d 45483